000 00288nam a2200109Ia 4500
008 220204s9999 xx 000 0 und d
082 _a72(038)
_bHAR
100 _aHarris, C M
245 0 _aDictionary of architecture and construction
260 _aNew York
_bMcGraw Hill
_c1975
942 _cBK
999 _c30669
_d30669